Statistics for ASIAN QUIZ

Click here to take the quiz!

General Stats

  • This quiz has been taken 20 times
    (7 since last reset)
  • The average score is 10 of 15

Answer Stats

HINTANS% Correct
Country with the most nukesChina
100%
Country with the most populationIndia
100%
Biggest island countryIndonesia
100%
Biggest countryRussia
100%
Country with its map as its flagCyprus
80%
Biggest mountain rangeHimalayas
80%
The only ocean named after a countryIndian
80%
Biggest landlocked countryKazakhstan
80%
Largest exporter of uraniumKazakhstan
80%
Largest islandBorneo
60%
Largest natural gas exporterIran
60%
How many languages are found in Asia2300
20%
Population of Asia4.7 billion
20%
Biggest desertArabian desert
20%
Biggest empireMongol empire
20%

Score Distribution

Percentile by Number Answered

Percent of People with Each Score

Your Score History

You have not taken this quiz since the last reset